ბათუმის შოთა რუსთაველის სახელმწიფო უნივერსიტეტის ბიბლიოთეკა

წინაქრისტიანული ხანის ქართული ხელოვნება : (ბიბ.ჩანაწერი № 61574)

000 -LEADER
fixed length control field 00643nam a22001577a 4500
005 - DATE AND TIME OF LATEST TRANSACTION
control field 20240326103712.0
008 - FIXED-LENGTH DATA ELEMENTS--GENERAL INFORMATION
fixed length control field 240326c2001 ru ||||| |||| 00| 0 geo d
022 ## - INTERNATIONAL STANDARD SERIAL NUMBER
International Standard Serial Number 1512-0414
041 ## - LANGUAGE CODE
Language code of text/sound track or separate title geo
245 ## - TITLE STATEMENT
Title წინაქრისტიანული ხანის ქართული ხელოვნება :
Remainder of title 2001 /
Statement of responsibility, etc. მთავარი რედაქტორი ზ. ბრაგვაძე.
260 ## - PUBLICATION, DISTRIBUTION, ETC.
Place of publication, distribution, etc. თბილისი,
Date of publication, distribution, etc. 2001.
300 ## - PHYSICAL DESCRIPTION
Extent V.
653 ## - INDEX TERM--UNCONTROLLED
Uncontrolled term ქართული ხელოვნება
700 ## - ADDED ENTRY--PERSONAL NAME
Personal name ბრაგვაძე, ზ.
Relator term რედაქტორი
9 (RLIN) 18273
942 ## - ADDED ENTRY ELEMENTS (KOHA)
Source of classification or shelving scheme
Koha item type პერიოდიკა

არაა ხელმისაწვდომი ეგზემპლარები.